Miasta w Finlandii - nagła śmierć - Statystyki

Ogólne statystyki
  • Ten quiz został rozwiązany 190 razy
  • Średni wynik to 8 z 12
Answers on the Grid
Answers color-coded by a green-red scale on the quiz's grid according to % correct below.
Aarhus
Drammen
Moss
Dyneburg
Narwa
Lulea
Uppsala
Malmo
Espoo
Helsinki
Imatra
Kotka
Kuopio
Lahti
Nokia
Oulu
Pori
Tampere
Turku
Vantaa
 
Statystyki odpowiedzi
Odpowiedź % Poprawnych
Helsinki
90%
Kuopio
82%
Turku
82%
Lahti
79%
Oulu
75%
Espoo
73%
Tampere
73%
Vantaa
63%
Nokia
60%
Kotka
53%
Pori
50%
Imatra
21%
Nie znaleziono quizów pasujących do podanych kryteriów
Rozkład punktacji
Procent ludzi z każdym wynikiem
Percentyl według liczby udzielonych odpowiedzi
Twoja historia wyników
Nie rozwiązałeś tego quizu